000 00379 a2200169 4500
001 68707
020 _a8526248863
040 _cAnchieta - Itaigara
100 _aComapny, Mercè
240 1 0 _aAs trigêmeas e Barba Azul
_lpor
245 1 0 _aAs trigêmeas e Barba Azul
300 _a31
362 0 _a2003
440 1 _aScipione
650 4 _aLiteratura infantil
942 _cBK
999 _c68707
_d68707